The Experience Economy as a Model for Tourism Development

Charakteristika zážitkovej ekonomiky ako moderného ekonomického podnikového prístupu. Výskum založený na teoretickom prehľade literatúry a profesionálnych publikáciach. Rozvoj zážitkovej ekonomiky ako prínos pre podnikateľskú sféru vo svete a vyhliadky možného úspešného rozvoja aj na Slovensku.

Na minha lista:
Detalhes bibliográficos
Autor principal: Heidema, Friedrik, 1969-
Formato: Capítulo de Livro
Idioma:inglês
Assuntos:
Tags: Adicionar Tag
Sem tags, seja o primeiro a adicionar uma tag!

MARC

LEADER 00000nla a2200000 4500
001 0241277
005 20240502073928.0
041 0 |a eng 
044 |a SK 
245 1 0 |a The Experience Economy as a Model for Tourism Development  |c Friedrik Heidema 
520 |a Charakteristika zážitkovej ekonomiky ako moderného ekonomického podnikového prístupu. Výskum založený na teoretickom prehľade literatúry a profesionálnych publikáciach. Rozvoj zážitkovej ekonomiky ako prínos pre podnikateľskú sféru vo svete a vyhliadky možného úspešného rozvoja aj na Slovensku. 
610 2 0 |a ruch cestovný zážitkový 
610 2 0 |a prax odborná 
610 2 0 |a ruch cestovný 
610 2 0 |a kultúra 
610 2 0 |a priemysel kreatívny 
610 2 0 |a turistika 
100 1 |a Heidema, Friedrik, 1969-